Podnikové vzdelávanie vo vzťahu k produktivite práce

Gespeichert in:
Bibliographische Detailangaben
1. Verfasser: Olexová, Cecília, 1976-
Format: Buchkapitel
Sprache:Slowakisch
Tags: Tag hinzufügen
Keine Tags, Fügen Sie das erste Tag hinzu!

MARC

LEADER 00000naa$a2200000$$$4500
001 0064607
005 20240502083156.0
041 0 |a slo 
044 |a CZ 
245 1 0 |a Podnikové vzdelávanie vo vzťahu k produktivite práce  |c Cecília Olexová 
100 1 |a Olexová, Cecília, 1976-